[Event "TCh-FRA Top 16 GpA 2022"]
[Site "Chartres FRA"]
[Date "2022.06.12"]
[Round "4.4"]
[Board "5"]
[White "Maurizzi, Marc'Andria"]
[Black "Cantin, Loic"]
[Result "1-0"]
[WhiteTitle "GM"]
[WhiteElo "2490"]
[BlackElo "2199"]
[WhiteTeam "C'Chartres Echecs"]
[BlackTeam "U.S.Villejuif Echecs"]
[WhiteFideId "36083534"]
[BlackFideId "679070"]
[EventDate "2022.06.09"]

1. e4 e5 2. Nf3 Nc6 3. Bb5 Nf6 4. Nc3 Bd6 5. d3 O-O 6. a3 Nd4 7. Bc4 c6 8. Nxd4
exd4 9. Ne2 Be5 10. O-O d5 11. exd5 Nxd5 12. Ng3 Bxg3 13. hxg3 Be6 14. Qf3 Qd7
15. Qe4 Nc7 16. Bxe6 Nxe6 17. Bd2 Rfe8 18. Rfe1 Nc7 19. Qf4 Re6 20. Rxe6 Nxe6
21. Qg4 Re8 22. Re1 Nf8 23. Qf4 Rxe1+ 24. Bxe1 Qd8 25. a4 g6 26. Bd2 h5 27. Bb4
Ne6 28. Qe5 b6 29. Bd6 Qd7 30. Bb8 a6 31. Qf6 c5 32. Be5 Kf8 33. b3 Ke8 34. Qh8+
Ke7 35. Qa8 a5 36. Qa6 Qd8 37. Qb7+ Kf8 38. Bb8 h4 39. gxh4 Qxh4 40. Bd6+ Kg8
41. Qc8+ Kh7 42. Be5 f6 43. Qxe6 fxe5 44. Qxe5 Qd8 45. Kf1 Qd7 46. f3 Qd8 47.
Ke2 Kh6 48. Qf4+ Kg7 49. Kd1 Qe7 50. Qe4 Qg5 51. f4 Qh4 52. Kc1 Qd8 53. g4 Qh4
54. g5 Qf2 55. Qe7+ Kg8 56. Qe6+ Kg7 57. Qf6+ Kh7 58. Qf7+ Kh8 59. Qf8+ 1-0

[Event "TCh-FRA Top 16 GpA 2022"]
[Site "Chartres FRA"]
[Date "2022.06.12"]
[Round "4.4"]
[Board "6"]
[White "Caille, Hugo"]
[Black "Daulyte-Cornette, Deimante"]
[Result "0-1"]
[BlackTitle "IM"]
[WhiteElo "2159"]
[BlackElo "2384"]
[WhiteTeam "U.S.Villejuif Echecs"]
[BlackTeam "C'Chartres Echecs"]
[WhiteFideId "20681348"]
[BlackFideId "12802859"]
[EventDate "2022.06.09"]

1. Nf3 Nf6 2. g3 g6 3. Bg2 Bg7 4. O-O O-O 5. d4 d6 6. Nc3 d5 7. Re1 c5 8. dxc5
Na6 9. Nd4 Nxc5 10. Nb3 Nxb3 11. axb3 d4 12. Na4 e5 13. c3 Re8 14. b4 a5 15.
bxa5 Rxa5 16. b4 Ra7 17. Bb2 Qe7 18. cxd4 Qxb4 19. dxe5 Ng4 20. Qd4 Rxa4 21.
Qxb4 Rxb4 22. Ba3 Ra4 23. f4 Ne3 0-1

[Event "TCh-FRA Top 16 GpA 2022"]
[Site "Chartres FRA"]
[Date "2022.06.12"]
[Round "4.4"]
[Board "7"]
[White "Stephan, Victor"]
[Black "Da Silva, Quentin"]
[Result "1-0"]
[WhiteTitle "IM"]
[WhiteElo "2390"]
[BlackElo "2171"]
[WhiteTeam "C'Chartres Echecs"]
[BlackTeam "U.S.Villejuif Echecs"]
[WhiteFideId "656666"]
[BlackFideId "26009528"]
[EventDate "2022.06.09"]

1. d4 Nf6 2. c4 g6 3. Nc3 Bg7 4. e4 d6 5. Nf3 O-O 6. Be2 e5 7. O-O Nc6 8. d5 Ne7
9. Ne1 Nd7 10. Nd3 f5 11. Bd2 Nf6 12. f3 f4 13. c5 g5 14. Rc1 Ng6 15. Nb5 Rf7
16. Ba5 b6 17. cxd6 cxd6 18. Be1 Ne8 19. Nb4 h5 20. Nc6 Qf6 21. Nbxa7 Bd7 22.
Qb3 g4 23. Qxb6 Bf8 24. Rc2 Rg7 25. b3 Nh4 26. Nb8 Rxb8 27. Qxb8 Nxg2 28. Bb5
Nxe1 29. Rxe1 gxf3+ 30. Kh1 Rg2 31. Rxg2+ fxg2+ 32. Kg1 f3 33. Qb6 Bxb5 34. Nxb5
Be7 35. Qf2 Qf4 36. Re3 Nf6 37. Qxf3 Qxf3 38. Rxf3 Nxe4 39. Kxg2 Bg5 40. Nc3 Nf6
41. Rg3 1-0

[Event "TCh-FRA Top 16 GpA 2022"]
[Site "Chartres FRA"]
[Date "2022.06.12"]
[Round "4.4"]
[Board "8"]
[White "Afraoui, Solenn"]
[Black "Tomasi, Elise"]
[Result "0-1"]
[WhiteElo "1945"]
[BlackElo "2019"]
[WhiteTeam "U.S.Villejuif Echecs"]
[BlackTeam "C'Chartres Echecs"]
[WhiteFideId "625167"]
[BlackFideId "26088843"]
[EventDate "2022.06.09"]

1. Nf3 d5 2. g3 Nf6 3. Bg2 e6 4. O-O Be7 5. c4 d4 6. b4 c5 7. Bb2 O-O 8. d3 Nc6
9. b5 Nb8 10. a4 a6 11. bxa6 Rxa6 12. Na3 Nc6 13. Nb5 e5 14. Nd2 Bf5 15. Qc2 Qd7
16. Rfb1 Bh3 17. Bh1 Ng4 18. Ba3 f5 19. Bf3 Kh8 20. Nb3 b6 21. Bc1 Nb4 22. Qd1
e4 23. Bg2 Bxg2 24. Kxg2 exd3 25. exd3 Ne5 26. a5 Qb7+ 27. f3 Nbxd3 28. Bd2 Nxc4
29. axb6 Rxa1 30. Nxa1 Nde5 31. Bf4 Ra8 32. Qe2 d3 33. Qf2 Nxf3 34. Nc3 Nfd2+
35. Kh3 Nxb1 0-1

[Event "TCh-FRA Top 16 GpA 2022"]
[Site "Chartres FRA"]
[Date "2022.06.13"]
[Round "5.1"]
[Board "1"]
[White "Sochacki, Christophe"]
[Black "Santos Ruiz, Miguel"]
[Result "1/2-1/2"]
[WhiteTitle "GM"]
[BlackTitle "GM"]
[WhiteElo "2487"]
[BlackElo "2588"]
[WhiteTeam "U.S.Villejuif Echecs"]
[BlackTeam "Grasse Echecs"]
[WhiteFideId "662569"]
[BlackFideId "22291482"]
[EventDate "2022.06.09"]

1. d4 Nf6 2. Bg5 d5 3. Nd2 Nc6 4. Bxf6 gxf6 5. e3 e5 6. c3 Be6 7. a4 Qd6 8. a5
Bg7 9. Bd3 f5 10. Ne2 f4 11. dxe5 Nxe5 12. Nxf4 Nxd3+ 13. Nxd3 O-O-O 14. Nf4 d4
15. cxd4 Bxd4 16. Nxe6 Qxe6 17. Qb3 Qxb3 18. Nxb3 Bxb2 19. Ra2 Bg7 20. Ke2 Rd5
21. Rc1 Rb5 22. Nd2 Rd8 23. f4 Rd7 24. g4 b6 25. axb6 axb6 26. g5 Kb7 27. h4 h6
28. Rc4 hxg5 29. hxg5 Rb2 30. Rxb2 Bxb2 31. f5 b5 32. Rc2 Ba3 33. e4 c5 34. f6
c4 35. e5 Kc6 36. e6 fxe6 37. Ra2 Be7 38. Ne4 b4 39. Ra6+ Kd5 40. Ke3 c3 41.
fxe7 Rxe7 42. Rd6+ Kc4 43. Rc6+ Kb3 44. Nc5+ Kc2 45. Rb6 Rg7 46. Kf4 Rf7+ 47.
Kg4 Rc7 48. Nxe6 Rc4+ 49. Kf5 b3 50. g6 b2 51. g7 Rc8 52. Nf8 b1=Q 53. Rxb1 Kxb1
54. g8=Q Rxf8+ 55. Qxf8 c2 56. Qb4+ Ka1 57. Qc3+ Kb1 58. Qb3+ Ka1 59. Qxc2 1/2-1/2

[Event "TCh-FRA Top 16 GpA 2022"]
[Site "Chartres FRA"]
[Date "2022.06.13"]
[Round "5.1"]
[Board "2"]
[White "Parligras, Mircea-Emilian"]
[Black "Dutreuil, Raphael"]
[Result "1-0"]
[WhiteTitle "GM"]
[BlackTitle "FM"]
[WhiteElo "2579"]
[BlackElo "2309"]
[WhiteTeam "Grasse Echecs"]
[BlackTeam "U.S.Villejuif Echecs"]
[WhiteFideId "1204297"]
[BlackFideId "20630999"]
[EventDate "2022.06.09"]

1. d4 g6 2. e4 Bg7 3. Nf3 d6 4. Bc4 Nf6 5. Qe2 O-O 6. O-O Bg4 7. e5 dxe5 8. dxe5
Nd5 9. Nbd2 Nb6 10. Bd3 Nc6 11. h3 Nd4 12. Qe4 Nxf3+ 13. Nxf3 Bf5 14. Qxb7 Bxd3
15. cxd3 Qxd3 16. Qxc7 e6 17. Qe7 Nd5 18. Qh4 Rfc8 19. b3 Rab8 20. Bh6 Bh8 21.
Rad1 Qa6 22. Rd2 Rc3 23. Re1 Rbc8 24. Kh2 Qa5 25. Qe4 Qc7 26. Kg1 a5 27. h4 Rc1
28. Rxc1 Qxc1+ 29. Kh2 Qa1 30. h5 Qf1 31. Rc2 Qa6 32. Qa4 Ra8 33. Qd7 a4 34. Rc6 1-0

[Event "TCh-FRA Top 16 GpA 2022"]
[Site "Chartres FRA"]
[Date "2022.06.13"]
[Round "5.1"]
[Board "3"]
[White "Sochacki, Wojtek"]
[Black "Abasov, Nijat"]
[Result "0-1"]
[WhiteTitle "IM"]
[BlackTitle "GM"]
[WhiteElo "2324"]
[BlackElo "2635"]
[WhiteTeam "U.S.Villejuif Echecs"]
[BlackTeam "Grasse Echecs"]
[WhiteFideId "651389"]
[BlackFideId "13402960"]
[EventDate "2022.06.09"]

1. d4 Nf6 2. c4 e6 3. Nf3 d5 4. Nc3 c6 5. e3 Nbd7 6. Qc2 Bd6 7. g4 h6 8. Bd2 Qe7
9. h3 b6 10. Rg1 Bb7 11. cxd5 cxd5 12. O-O-O a6 13. Kb1 b5 14. Rc1 Ne4 15. Be1
O-O 16. Nd2 Nxc3+ 17. Qxc3 b4 18. Qd3 a5 19. f4 Ba6 20. Qc2 a4 21. Bxa6 Rxa6 22.
Qd3 Rb6 23. Nf3 b3 24. a3 Bxa3 25. bxa3 Qxa3 26. Rg2 Qd6 27. Rb2 a3 28. Rg2 b2
29. Rd1 a2+ 0-1

[Event "TCh-FRA Top 16 GpA 2022"]
[Site "Chartres FRA"]
[Date "2022.06.13"]
[Round "5.1"]
[Board "4"]
[White "Wirig, Anthony"]
[Black "Eden, James"]
[Result "1-0"]
[WhiteTitle "GM"]
[BlackTitle "IM"]
[WhiteElo "2520"]
[BlackElo "2253"]
[WhiteTeam "Grasse Echecs"]
[BlackTeam "U.S.Villejuif Echecs"]
[WhiteFideId "615013"]
[BlackFideId "666491"]
[EventDate "2022.06.09"]

1. c4 Nf6 2. Nf3 c6 3. d4 d5 4. e3 Bf5 5. Nc3 a6 6. Qb3 Ra7 7. a4 e6 8. a5 Nbd7
9. Nh4 Be4 10. c5 Qc7 11. Nxe4 dxe4 12. g3 g5 13. Ng2 Bg7 14. Be2 Ra8 15. Bd2
Nd5 16. f3 f5 17. fxe4 fxe4 18. O-O-O O-O 19. Rdf1 Rxf1+ 20. Rxf1 Rf8 21. Ne1
Rf5 22. Nc2 Kf8 23. Na3 Rxf1+ 24. Bxf1 e5 25. Nc2 exd4 26. exd4 h6 27. Bh3 N7f6
28. Bf5 Ne7 29. Be6 Ned5 30. Kd1 Ke7 31. Bf5 Kd8 32. Ne3 Nxe3+ 33. Qxe3 Qe7 34.
Kc2 Nd5 35. Qxe4 Qxe4+ 36. Bxe4 Bxd4 37. b4 Bg1 38. h4 gxh4 39. gxh4 Be3 40.
Bxe3 Nxe3+ 41. Kd3 Ng4 42. Kd4 Nf6 43. Ke5 Ke7 44. Bf3 Nd7+ 45. Kf5 Nf6 46. Bg2
Kf7 47. Bf1 Ke7 48. Bc4 Ne8 49. Kg6 Nc7 50. Kxh6 Kf6 51. h5 Nd5 52. Bxd5 cxd5
53. b5 d4 54. c6 bxc6 55. bxa6 d3 56. a7 d2 57. a8=Q d1=Q 58. Qxc6+ Kf7 59. Qg6+
Kf8 60. Qf6+ Ke8 61. a6 Qd2+ 62. Kh7 Qd7+ 63. Kh8 1-0

[Event "TCh-FRA Top 16 GpA 2022"]
[Site "Chartres FRA"]
[Date "2022.06.13"]
[Round "5.1"]
[Board "5"]
[White "Saatdjian, Thomas"]
[Black "Loiseau, Quentin"]
[Result "1/2-1/2"]
[WhiteTitle "FM"]
[BlackTitle "IM"]
[WhiteElo "2267"]
[BlackElo "2442"]
[WhiteTeam "U.S.Villejuif Echecs"]
[BlackTeam "Grasse Echecs"]
[WhiteFideId "634921"]
[BlackFideId "665274"]
[EventDate "2022.06.09"]

1. d4 Nf6 2. c4 e6 3. Nf3 d5 4. g3 Be7 5. Bg2 O-O 6. O-O dxc4 7. Ne5 Nc6 8. Nxc6
bxc6 9. Na3 Bxa3 10. bxa3 Nd5 11. Qa4 Nb6 12. Qa5 Bb7 13. Qc5 Qc8 14. Rb1 Rd8
15. Rd1 Rd7 16. a4 Nxa4 17. Qxc4 Nb6 18. Qc2 c5 19. Bxb7 Qxb7 1/2-1/2

[Event "TCh-FRA Top 16 GpA 2022"]
[Site "Chartres FRA"]
[Date "2022.06.13"]
[Round "5.1"]
[Board "6"]
[White "Barbot, Pierre1"]
[Black "Caille, Hugo"]
[Result "1/2-1/2"]
[WhiteTitle "IM"]
[WhiteElo "2451"]
[BlackElo "2159"]
[WhiteTeam "Grasse Echecs"]
[BlackTeam "U.S.Villejuif Echecs"]
[WhiteFideId "663727"]
[BlackFideId "20681348"]
[EventDate "2022.06.09"]

1. d4 Nf6 2. c4 e6 3. Nf3 d5 4. g3 Bb4+ 5. Bd2 a5 6. Qc2 O-O 7. Bg2 c5 8. dxc5
d4 9. Bxb4 axb4 10. O-O Nc6 11. Nbd2 Qe7 12. Nb3 e5 13. Ng5 h6 14. Ne4 Nxe4 15.
Bxe4 Bh3 16. Rfe1 f5 17. Bd5+ Kh8 18. e3 d3 19. Qxd3 e4 20. Qc2 Ne5 21. Nd4 Ra6
22. f4 Nd3 23. Red1 Nxc5 24. Nb3 Nd3 25. Nc1 Bg4 1/2-1/2

[Event "TCh-FRA Top 16 GpA 2022"]
[Site "Chartres FRA"]
[Date "2022.06.13"]
[Round "5.1"]
[Board "7"]
[White "Da Silva, Quentin"]
[Black "Milliet, Sophie"]
[Result "1/2-1/2"]
[BlackTitle "IM"]
[WhiteElo "2171"]
[BlackElo "2392"]
[WhiteTeam "U.S.Villejuif Echecs"]
[BlackTeam "Grasse Echecs"]
[WhiteFideId "26009528"]
[BlackFideId "623725"]
[EventDate "2022.06.09"]

1. e4 e5 2. Nf3 Nc6 3. Bb5 a6 4. Ba4 Nf6 5. O-O b5 6. Bb3 Bc5 7. d3 d6 8. c3 h6
9. Re1 O-O 10. Nbd2 Bb6 11. Nf1 Ne7 12. Ng3 Ng6 13. d4 c5 14. h3 cxd4 15. cxd4
exd4 16. Nxd4 Re8 17. Be3 Bb7 18. Ndf5 d5 19. exd5 Nxd5 20. Bxb6 Rxe1+ 21. Qxe1
Qxb6 22. Nh5 Kh7 23. Bxd5 Bxd5 24. Nhxg7 Nf4 25. Qd2 Qg6 26. g3 Nxh3+ 27. Kh2
Rd8 28. Qa5 Ng5 29. Qxd8 Nf3+ 30. Kh3 Ng5+ 31. Kh2 Nf3+ 32. Kh3 Ng5+ 33. Kh2
Nf3+ 1/2-1/2

[Event "TCh-FRA Top 16 GpA 2022"]
[Site "Chartres FRA"]
[Date "2022.06.13"]
[Round "5.1"]
[Board "8"]
[White "Riff, Vincent"]
[Black "Afraoui, Solenn"]
[Result "1-0"]
[WhiteTitle "FM"]
[WhiteElo "2399"]
[BlackElo "1945"]
[WhiteTeam "Grasse Echecs"]
[BlackTeam "U.S.Villejuif Echecs"]
[WhiteFideId "617776"]
[BlackFideId "625167"]
[EventDate "2022.06.09"]

1. Nf3 Nf6 2. g3 b5 3. Bg2 Bb7 4. Na3 a6 5. c4 b4 6. Nc2 e6 7. O-O Be7 8. d4 O-O
9. Re1 c5 10. d5 Ne4 11. Ne5 f5 12. Nd3 exd5 13. cxd5 c4 14. Nf4 Bc5 15. Be3
Bxe3 16. Nxe3 c3 17. Bxe4 fxe4 18. bxc3 Rxf4 19. gxf4 a5 20. Qd4 Ra6 21. Kh1 Qf6
22. Qxe4 Re6 23. Qd4 Qxd4 24. cxd4 Re4 25. Rac1 Na6 26. Nf5 Bxd5 27. f3 Re8 28.
Nd6 Rb8 29. Rc2 a4 30. Rec1 Kf8 31. e4 b3 32. axb3 Bxb3 33. Rc8+ Rxc8 34. Rxc8+
Ke7 35. e5 Ke6 36. Ra8 Nb4 37. Ra5 g6 38. Ne4 Kf5 39. Nc5 Bd5 40. Rxa4 Bxf3+ 41.
Kg1 Nd5 42. Nxd7 Nxf4 43. Nf8 h5 44. Kf2 Bd5 45. Ra6 g5 46. Rf6+ Ke4 47. e6 Bc6
48. e7 Be8 49. Ne6 Nxe6 50. Rxe6+ Kd5 1-0

[Event "TCh-FRA Top 16 GpA 2022"]
[Site "Chartres FRA"]
[Date "2022.06.13"]
[Round "5.2"]
[Board "1"]
[White "Bacrot, Etienne"]
[Black "Kamsky, Gata"]
[Result "1/2-1/2"]
[WhiteTitle "GM"]
[BlackTitle "GM"]
[WhiteElo "2641"]
[BlackElo "2655"]
[WhiteTeam "Bischwiller"]
[BlackTeam "C'Chartres Echecs"]
[WhiteFideId "605506"]
[BlackFideId "2000024"]
[EventDate "2022.06.09"]

1. e4 e5 2. Nf3 Nc6 3. Bb5 a6 4. Ba4 Nf6 5. O-O Be7 6. Re1 b5 7. Bb3 d6 8. c3
O-O 9. h3 Nb8 10. d4 Nbd7 11. c4 c6 12. Qc2 a5 13. cxb5 cxb5 14. Nc3 a4 15. Bd5
Nxd5 16. Nxd5 Bb7 17. Nxe7+ 1/2-1/2

[Event "TCh-FRA Top 16 GpA 2022"]
[Site "Chartres FRA"]
[Date "2022.06.13"]
[Round "5.2"]
[Board "2"]
[White "Bauer, Christian"]
[Black "Ragger, Markus"]
[Result "1/2-1/2"]
[WhiteTitle "GM"]
[BlackTitle "GM"]
[WhiteElo "2607"]
[BlackElo "2643"]
[WhiteTeam "C'Chartres Echecs"]
[BlackTeam "Bischwiller"]
[WhiteFideId "603767"]
[BlackFideId "1610856"]
[EventDate "2022.06.09"]

1. e4 e5 2. Nf3 Nc6 3. Nc3 Nf6 4. d4 exd4 5. Nxd4 Bb4 6. Nxc6 bxc6 7. Bd3 d5 8.
Bd2 O-O 9. O-O Bxc3 10. Bxc3 dxe4 11. Bxf6 Qxf6 12. Bxe4 1/2-1/2

[Event "TCh-FRA Top 16 GpA 2022"]
[Site "Chartres FRA"]
[Date "2022.06.13"]
[Round "5.2"]
[Board "3"]
[White "Naiditsch, Arkadij"]
[Black "Lagarde, Maxime"]
[Result "1-0"]
[WhiteTitle "GM"]
[BlackTitle "GM"]
[WhiteElo "2653"]
[BlackElo "2628"]
[WhiteTeam "Bischwiller"]
[BlackTeam "C'Chartres Echecs"]
[WhiteFideId "4650891"]
[BlackFideId "662399"]
[EventDate "2022.06.09"]

1. e4 c5 2. Nf3 e6 3. Qe2 Nc6 4. g3 Nf6 5. Bg2 e5 6. c3 Be7 7. O-O O-O 8. a3 d5
9. d3 d4 10. Nbd2 Bg4 11. h3 Be6 12. cxd4 cxd4 13. Ng5 Bc8 14. b4 a6 15. Nb3 h6
16. Nf3 Be6 17. Nc5 Bxc5 18. bxc5 Nd7 19. a4 Nxc5 20. Ba3 Qa5 21. Nh4 Qc3 22.
Nf5 Qxd3 23. Qg4 Bxf5 24. exf5 Nd7 25. Rfd1 Qc3 26. Bxf8 Rxf8 27. Rac1 Qa5 28.
Bxc6 Nf6 29. Qe2 bxc6 30. Rxc6 Qxa4 31. Rxa6 Qb3 32. Qd3 Qd5 33. Qa3 Qe4 34. Qd3
Qd5 35. Rb6 Re8 36. Qb5 Qf3 37. Re1 Re7 38. Qc5 d3 1-0

[Event "TCh-FRA Top 16 GpA 2022"]
[Site "Chartres FRA"]
[Date "2022.06.13"]
[Round "5.2"]
[Board "4"]
[White "Mamedov, Rauf"]
[Black "Fressinet, Laurent"]
[Result "1/2-1/2"]
[WhiteTitle "GM"]
[BlackTitle "GM"]
[WhiteElo "2656"]
[BlackElo "2624"]
[WhiteTeam "C'Chartres Echecs"]
[BlackTeam "Bischwiller"]
[WhiteFideId "13401653"]
[BlackFideId "608742"]
[EventDate "2022.06.09"]

1. e4 e5 2. Nf3 Nc6 3. Bb5 a6 4. Ba4 Nf6 5. Nc3 Be7 6. d3 b5 7. Bb3 d6 8. a3 O-O
9. O-O Na5 10. Ba2 Be6 11. Bd2 Bxa2 12. Rxa2 c5 13. b4 Nc6 14. Nd5 Nxd5 15. exd5
Nd4 16. Re1 Rc8 17. a4 Nxf3+ 18. Qxf3 1/2-1/2

[Event "TCh-FRA Top 16 GpA 2022"]
[Site "Chartres FRA"]
[Date "2022.06.13"]
[Round "5.2"]
[Board "5"]
[White "Bellahcene, Bilel"]
[Black "Tiviakov, Sergei"]
[Result "0-1"]
[WhiteTitle "GM"]
[BlackTitle "GM"]
[WhiteElo "2513"]
[BlackElo "2570"]
[WhiteTeam "Bischwiller"]
[BlackTeam "C'Chartres Echecs"]
[WhiteFideId "696358"]
[BlackFideId "1008013"]
[EventDate "2022.06.09"]

1. e4 d5 2. exd5 Qxd5 3. Nc3 Qd6 4. d4 Nf6 5. Nf3 c6 6. Ne5 Nbd7 7. f4 Nb6 8.
Be3 g6 9. Qf3 Bg7 10. O-O-O Be6 11. Bd3 Nbd5 12. Nc4 Qc7 13. Nxd5 Nxd5 14. a3 b5
15. Ne5 Bxe5 16. fxe5 Bg4 17. Qxg4 Nxe3 18. Qf3 Nxd1 19. Rxd1 O-O 20. h4 Rad8
21. Qe3 c5 22. h5 cxd4 23. Qg3 Rd5 24. Re1 Kg7 25. Qf4 a6 26. Kb1 Qb8 27. Qg5
Qd8 28. Rh1 f6 29. Qh4 g5 30. exf6+ exf6 31. Qe4 f5 32. h6+ Kh8 33. Qe6 Rf6 34.
Qe2 Qf8 35. Qh5 g4 36. Qg5 Rdd6 37. Re1 Rde6 0-1

[Event "TCh-FRA Top 16 GpA 2022"]
[Site "Chartres FRA"]
[Date "2022.06.13"]
[Round "5.2"]
[Board "6"]
[White "Maurizzi, Marc'Andria"]
[Black "Rodshtein, Maxim"]
[Result "1/2-1/2"]
[WhiteTitle "GM"]
[BlackTitle "GM"]
[WhiteElo "2490"]
[BlackElo "2585"]
[WhiteTeam "C'Chartres Echecs"]
[BlackTeam "Bischwiller"]
[WhiteFideId "36083534"]
[BlackFideId "2806851"]
[EventDate "2022.06.09"]

1. d4 Nf6 2. c4 g6 3. Nc3 d5 4. cxd5 Nxd5 5. e4 Nxc3 6. bxc3 Bg7 7. Nf3 c5 8.
Bb5+ Nc6 9. O-O O-O 10. Bxc6 bxc6 11. Qc2 cxd4 12. cxd4 Bg4 13. Ne5 Qxd4 14. Bb2
Qb6 15. Rab1 Bxe5 16. Bxe5 Qa5 17. Bc3 Qc5 18. Qb2 a5 19. Bd4 Qd6 20. h3 Be2 21.
Rfe1 Rfb8 22. Qc3 Rxb1 23. Rxb1 Bb5 24. Bc5 Qe6 25. Rd1 Qxe4 26. Rd7 Re8 27.
Qxa5 f6 28. Qd2 Kf7 29. Ra7 g5 30. a4 Bxa4 31. Qa2+ Kg6 32. Bxe7 Rxe7 33. Rxa4
Qe1+ 34. Kh2 Qe5+ 35. Kg1 Qe1+ 36. Kh2 Qe5+ 37. Kg1 Qd5 38. Qb1+ Qf5 39. Qd1 c5
40. Rc4 Re4 41. Qd8 Rxc4 42. Qg8+ Kh6 43. Qf8+ Kh5 44. Qf7+ Qg6 45. Qxc4 Qb1+
46. Kh2 Qb8+ 47. Kg1 Qf8 48. f4 Qe7 49. fxg5 fxg5 50. Qg8 Kh6 51. g4 Qe3+ 52.
Kg2 Qe4+ 53. Kg1 c4 54. Qf7 Qd4+ 55. Kg2 Qd2+ 56. Kg1 Qf4 57. Qe6+ Kg7 58. Qe7+
Kg8 59. Qe8+ Qf8 60. Qe5 h6 61. Qe6+ Qf7 62. Qxh6 Qf4 63. Qe6+ Kf8 64. Qc8+ Ke7
65. Qc5+ Kd7 66. Qd5+ 1/2-1/2

[Event "TCh-FRA Top 16 GpA 2022"]
[Site "Chartres FRA"]
[Date "2022.06.13"]
[Round "5.2"]
[Board "7"]
[White "Maze, Sebastien"]
[Black "Guliyev, Namig"]
[Result "1/2-1/2"]
[WhiteTitle "GM"]
[BlackTitle "GM"]
[WhiteElo "2529"]
[BlackElo "2547"]
[WhiteTeam "Bischwiller"]
[BlackTeam "C'Chartres Echecs"]
[WhiteFideId "613762"]
[BlackFideId "13400363"]
[EventDate "2022.06.09"]

1. e4 c5 2. Nf3 d6 3. Nc3 Nf6 4. e5 dxe5 5. Nxe5 Nbd7 6. d4 e6 7. Bf4 cxd4 8.
Qxd4 Bc5 9. Qa4 O-O 10. O-O-O Qe7 11. Bg3 Nxe5 12. Bxe5 Nd7 13. Bg3 f5 1/2-1/2

[Event "TCh-FRA Top 16 GpA 2022"]
[Site "Chartres FRA"]
[Date "2022.06.13"]
[Round "5.2"]
[Board "8"]
[White "Martsynovskaya, Marina"]
[Black "Sebag, Marie"]
[Result "0-1"]
[WhiteTitle "WIM"]
[BlackTitle "GM"]
[WhiteElo "2070"]
[BlackElo "2472"]
[WhiteTeam "C'Chartres Echecs"]
[BlackTeam "Bischwiller"]
[WhiteFideId "609218"]
[BlackFideId "617822"]
[EventDate "2022.06.09"]

1. e4 c5 2. Nf3 d6 3. d4 cxd4 4. Nxd4 Nf6 5. Nc3 a6 6. Be3 e5 7. Nb3 Be6 8. h3
Nbd7 9. g4 h6 10. Bg2 Nb6 11. Bxb6 Qxb6 12. Nd5 Nxd5 13. exd5 Bd7 14. Qd2 Be7
15. Qa5 Qa7 16. a4 Rc8 17. Be4 O-O 18. Nd2 Bh4 19. O-O-O Bxf2 20. Qb4 Bc5 21.
Qb3 b5 22. Qg3 bxa4 23. g5 hxg5 24. Qxg5 f5 25. Rhg1 Bxg1 26. Rxg1 Bb5 27. Bf3
a3 28. bxa3 e4 29. Nxe4 fxe4 30. Bxe4 Qxg1+ 31. Qxg1 Rf1+ 0-1

[Event "TCh-FRA Top 16 GpA 2022"]
[Site "Chartres FRA"]
[Date "2022.06.13"]
[Round "5.3"]
[Board "1"]
[White "Grandelius, Nils"]
[Black "Van Foreest, Lucas"]
[Result "1/2-1/2"]
[WhiteTitle "GM"]
[BlackTitle "GM"]
[WhiteElo "2645"]
[BlackElo "2553"]
[WhiteTeam "L'Echiquier Chalonnais"]
[BlackTeam "Tremblay en France"]
[WhiteFideId "1710400"]
[BlackFideId "1039792"]
[EventDate "2022.06.09"]

1. e4 e5 2. Nf3 Nc6 3. Bb5 Nf6 4. d3 Bc5 5. c3 O-O 6. O-O d5 7. Nbd2 Re8 8. exd5
a6 9. Bxc6 bxc6 10. Nb3 Qxd5 11. Nxc5 Qxc5 12. Bg5 e4 13. dxe4 Nxe4 14. Be3 Qb5
15. Qc2 c5 16. Rfe1 Bb7 17. Ng5 Nxg5 18. Bxg5 Rxe1+ 19. Rxe1 Re8 20. Rxe8+ Qxe8
21. Qd2 h6 22. Qd8 Qxd8 23. Bxd8 Bd5 24. b3 Be4 25. Bxc7 Bb1 26. a3 Ba2 27. Bd6
Bxb3 28. Bxc5 Bc4 29. f3 f5 30. Kf2 Kf7 31. Ke3 Bf1 32. g3 g6 33. Kd4 Ke6 34.
Bf8 h5 35. f4 Be2 36. Kc5 Bf1 37. Bg7 Be2 38. Bd4 Bf1 39. a4 Be2 40. Kc6 Bd1 41.
a5 Be2 42. Kc7 Bf1 43. Kd8 Bb5 44. Be5 Kf7 45. Bd6 Ke6 46. Ba3 Kf7 47. Bb4 Ke6
48. Ba3 Kf7 49. Bb4 Ke6 1/2-1/2

[Event "TCh-FRA Top 16 GpA 2022"]
[Site "Chartres FRA"]
[Date "2022.06.13"]
[Round "5.3"]
[Board "2"]
[White "Piorun, Kacper"]
[Black "Fedorchuk, Sergey A."]
[Result "1-0"]
[WhiteTitle "GM"]
[BlackTitle "GM"]
[WhiteElo "2627"]
[BlackElo "2612"]
[WhiteTeam "Tremblay en France"]
[BlackTeam "L'Echiquier Chalonnais"]
[WhiteFideId "1130420"]
[BlackFideId "14102536"]
[EventDate "2022.06.09"]

1. d4 Nf6 2. c4 e6 3. g3 Bb4+ 4. Bd2 Bxd2+ 5. Nxd2 d6 6. Bg2 c5 7. Ngf3 Nbd7 8.
dxc5 Nxc5 9. b4 Ncd7 10. O-O a5 11. Nb3 axb4 12. Qxd6 Qb6 13. Qxb6 Nxb6 14. Ne5
Nfd7 15. Nd3 Nxc4 16. Rfc1 Na3 17. Rc7 Nb5 18. Rc4 Na3 19. Rh4 Ke7 20. Rc1 Nb5
21. Rxb4 Nd6 22. a4 Rd8 23. f4 f6 24. Rc7 Ne8 25. Rc1 Nd6 26. Kf2 Ra6 27. Nbc5
Nxc5 28. Nxc5 Ra5 29. Nxb7 Bxb7 30. Bxb7 Rb8 31. Rcb1 f5 32. Bf3 Rc8 33. Rd1 Rc7
34. Rdd4 h6 35. Rb6 Nc4 36. Rb4 Nd6 37. h4 Ra6 38. h5 Rc2 39. Ke3 Ra5 40. Kd3
Ra2 41. Rb6 e5 42. Rdxd6 e4+ 43. Ke3 Ra3+ 44. Kf2 exf3 45. Rg6 fxe2 46. Rxg7+
Kf8 47. Rh7 e1=Q+ 48. Kxe1 Kg8 49. Rc7 Ra8 50. Rg6+ Kf8 51. Rc5 Re8+ 52. Kf2
Ra2+ 53. Kf3 Ra3+ 54. Kg2 Re2+ 55. Kh3 Rxa4 56. Rxf5+ Ke7 57. Rxh6 1-0